[Event "Northwest Chess Open"]
[Site "Chess.com"]
[Date "2020.05.10"]
[Round "?"]
[White "Vijayakumar, Advaith"]
[Black "Nguyen, Thanh"]
[Result "1-0"]
[WhiteElo "2026"]
[BlackElo "2027"]
[PlyCount "133"]
[EventDate "2020.??.??"]

1. d4 Nf6 2. c4 g6 3. g3 Bg7 4. Bg2 d5 5. cxd5 Nxd5 6. Nf3 c5 7. dxc5 Qa5+ 8.
Nfd2 Qxc5 9. Nb3 Qb4+ 10. Bd2 Qd6 11. Na3 O-O 12. O-O Be6 13. Nc4 Qc7 14. Rc1
Rd8 15. Ba5 Nb6 16. Nxb6 Rxd1 17. Rxc7 Rxf1+ 18. Kxf1 axb6 19. Bxb7 Ra7 20.
Bxb6 Rxa2 21. Rxe7 Bf8 22. Re8 Nd7 23. Be3 Bxb3 24. Bh6 Ra1+ 25. Kg2 Ra5 26.
Bc6 Bd5+ 27. Bxd5 Rxd5 28. Rd8 Rh5 29. Bf4 Nc5 30. g4 Ne6 31. Rxf8+ Kxf8 32.
Bd6+ Ke8 33. gxh5 gxh5 34. Be5 Ke7 35. Kf3 f6 36. Bc3 Ng5+ 37. Ke3 Ke6 38. f4
Nf7 39. Kd3 Kf5 40. Ke3 Nd6 41. Kf3 Nb5 42. e4+ Ke6 43. Ke3 h4 44. h3 f5 45. e5
Nc7 46. Be1 Nd5+ 47. Kf3 h5 48. Bxh4 Nb4 49. Be1 Nd3 50. Bc3 Nc5 51. b4 Ne4 52.
Be1 Kd5 53. Ke3 Kc4 54. h4 Kd5 55. Kd3 Ke6 56. Kd4 Ke7 57. Kd5 Kd7 58. b5 Kc7
59. e6 Kb6 60. Ke5 Kc7 61. Kxf5 Nd6+ 62. Kf6 Nxb5 63. Kf7 Nd6+ 64. Kf8 Kc6 65.
Bb4 Kd5 66. Bxd6 Kxe6 67. Be7 1-0

[Event "Northwest Chess Open"]
[Site "Chess.com"]
[Date "2020.05.10"]
[Round "?"]
[White "Nguyen, Thanh"]
[Black "Razmov, Valentin"]
[Result "1-0"]
[WhiteElo "2027"]
[BlackElo "1986"]
[PlyCount "69"]
[EventDate "2020.??.??"]

1. e4 d5 2. exd5 Qxd5 3. Nc3 Qa5 4. d4 c6 5. Nf3 Nf6 6. Bf4 Bf5 7. Ne5 Nbd7 8.
Nc4 Qd8 9. d5 Rc8 10. Qe2 e6 11. dxe6 fxe6 12. O-O-O Be7 13. Bd6 Kf8 14. Bxe7+
Qxe7 15. Nd6 Rb8 16. f3 h5 17. Qe3 b6 18. Be2 Ne8 19. Nxf5 exf5 20. Qf4 Qe5 21.
Qg5 Qf6 22. Qf4 Qe5 23. Qa4 Qc7 24. g4 Nc5 25. Qc4 f4 26. Rhe1 Qf7 27. b4 Nb7
28. Qxf7+ Kxf7 29. Bc4+ Kf6 30. Re6+ Kg5 31. h4+ Kxh4 32. Ne4 Kh3 33. Rd2 hxg4
34. Bf1+ Kh4 35. Rh2# 1-0

[Event "Northwest Chess Open"]
[Site "Chess.com"]
[Date "2020.05.09"]
[Round "?"]
[White "Vega, Isaac"]
[Black "Razmov, Valentin"]
[Result "0-1"]
[WhiteElo "1972"]
[BlackElo "1986"]
[PlyCount "60"]
[EventDate "2020.??.??"]

1. e4 d5 2. exd5 Qxd5 3. Nc3 Qa5 4. d4 c6 5. Bc4 Nf6 6. Nf3 Bf5 7. O-O e6 8.
Bd2 Qc7 9. Re1 Be7 10. h3 O-O 11. Nh4 Bg6 12. Nxg6 hxg6 13. Qf3 Nbd7 14. a3 Nb6
15. Ba2 Rfd8 16. Be3 Nbd5 17. Ne2 Nxe3 18. fxe3 c5 19. c3 b5 20. Nf4 c4 21. e4
e5 22. Ne2 Nd7 23. Rf1 Bf6 24. Rad1 Rab8 25. g4 Nf8 26. Qg3 Qe7 27. Kg2 exd4
28. Nxd4 Qxe4+ 29. Nf3 Rxd1 30. Rxd1 Qe2+ 0-1

[Event "Northwest Chess Open"]
[Site "Chess.com"]
[Date "2020.05.09"]
[Round "?"]
[White "Nguyen, Thanh"]
[Black "Moore, Michael"]
[Result "0-1"]
[WhiteElo "2027"]
[BlackElo "1950"]
[PlyCount "52"]
[EventDate "2020.??.??"]

1. e4 c5 2. Nf3 d6 3. Bb5+ Nd7 4. O-O Ngf6 5. Nc3 a6 6. Bxd7+ Bxd7 7. e5 dxe5
8. Nxe5 e6 9. d3 Rc8 10. Re1 Bd6 11. Bf4 Qc7 12. Nxd7 Bxf4 13. Nxf6+ gxf6 14.
Qh5 Be5 15. Ne4 Ke7 16. c3 Rhg8 17. Qh4 Rg6 18. Nxc5 Qxc5 19. d4 Qd5 20. g3 Bd6
21. Qxh7 Rcg8 22. Re3 Bf4 23. Re2 Qf5 24. Kh1 Bc1 25. Re1 Qxf2 26. Rg1 Rh6 0-1

[Event "Northwest Chess Open"]
[Site "Chess.com"]
[Date "2020.05.10"]
[Round "?"]
[White "Razmov, Valentin"]
[Black "Moore, Michael"]
[Result "1/2-1/2"]
[WhiteElo "1986"]
[BlackElo "1950"]
[PlyCount "208"]
[EventDate "2020.??.??"]

1. d4 Nf6 2. Nf3 d5 3. c4 e6 4. Nc3 Be7 5. cxd5 exd5 6. Bg5 c6 7. e3 Bf5 8. Bd3
Bxd3 9. Qxd3 Nbd7 10. O-O O-O 11. h3 Re8 12. a3 a5 13. Bf4 Bf8 14. Nd2 Qe7 15.
Rfe1 Ne4 16. f3 Nxd2 17. Qxd2 Nf6 18. e4 dxe4 19. fxe4 Qd7 20. Rad1 Rad8 21.
Qf2 b5 22. Bg5 Be7 23. e5 Nd5 24. Bxe7 Nxc3 25. Bxd8 Nxd1 26. Rxd1 Qxd8 27. b4
axb4 28. axb4 Rxe5 29. Qc2 Re6 30. Qc5 Rd6 31. Kh2 Qd7 32. Re1 Rd5 33. Qc3 h6
34. Rd1 Qe6 35. Rd2 Rf5 36. Qd3 g6 37. Rc2 Qd6+ 38. Qg3 Qxb4 39. Rxc6 Kg7 40.
Qe3 Rd5 41. Rc5 Qxd4 42. Qxd4+ Rxd4 43. Rxb5 h5 44. Kg3 h4+ 45. Kf3 f5 46. Rb6
Kh6 47. Rf6 Kg5 48. Rb6 Rd3+ 49. Kf2 Rd4 50. Kf3 Re4 51. Rc6 Kh5 52. Rf6 Ra4
53. Rf7 Kg5 54. Rg7 Kf6 55. Rb7 Ra3+ 56. Kf2 Ra6 57. Rh7 Kg5 58. Rb7 Ra3 59.
Rb4 Rc3 60. Ra4 Rc1 61. Rb4 Rc5 62. Ra4 Kh5 63. Ra8 g5 64. Rh8+ Kg6 65. Rg8+
Kf6 66. Kf3 Rc3+ 67. Kf2 Rg3 68. Re8 g4 69. hxg4 Rxg4 70. Kf3 Rg3+ 71. Kf2 Kg5
72. Rg8+ Kf4 73. Rh8 Rg4 74. Rxh4 Rxh4 75. g3+ Kg4 76. gxh4 Kxh4 77. Kf3 Kh5
78. Kf4 Kg6 79. Kf3 Kf7 80. Kf4 Kf6 81. Kf3 Ke7 82. Kf4 Ke6 83. Kf3 Ke5 84. Ke3
f4+ 85. Kf3 Kf5 86. Kf2 Kf6 87. Kf3 Ke5 88. Kf2 Kf5 89. Kf3 Kg5 90. Kf2 Kg4 91.
Kg2 f3+ 92. Kf2 Kf4 93. Kf1 Ke5 94. Kf2 Ke4 95. Kf1 Kf4 96. Kf2 Kg4 97. Kf1 Kg3
98. Kg1 Kh3 99. Kf2 Kg4 100. Kf1 Kf5 101. Kf2 Ke4 102. Kf1 Ke3 103. Ke1 f2+
104. Kf1 Kf3 1/2-1/2

[Event "Northwest Chess Open"]
[Site "Chess.com"]
[Date "2020.05.10"]
[Round "?"]
[White "Moore, Michael"]
[Black "Vijayakumar, Advaith"]
[Result "1/2-1/2"]
[WhiteElo "1950"]
[BlackElo "2026"]
[PlyCount "47"]
[EventDate "2020.??.??"]

1. d4 Nf6 2. c4 e6 3. Nf3 d5 4. g3 Bb4+ 5. Bd2 Bd6 6. Nc3 c5 7. Bg2 O-O 8. O-O
cxd4 9. Nxd4 dxc4 10. Ndb5 Bc5 11. Bf4 Nc6 12. Qa4 Qe7 13. Qxc4 e5 14. Bg5 Be6
15. Qh4 h6 16. Bxf6 Qxf6 17. Qxf6 gxf6 18. Ne4 Be7 19. Rac1 Bxa2 20. Ned6 Bxd6
21. Nxd6 Rab8 22. Nxb7 Rxb7 23. Rxc6 Rxb2 24. Rxf6 1/2-1/2

[Event "Northwest Chess Open"]
[Site "Chess.com"]
[Date "2020.05.10"]
[Round "?"]
[White "Moore, Michael"]
[Black "Bell, Harry"]
[Result "1-0"]
[WhiteElo "1950"]
[BlackElo "2000"]
[PlyCount "109"]
[EventDate "2020.??.??"]

1. d4 d5 2. c4 dxc4 3. e4 e5 4. Nf3 exd4 5. Bxc4 Bb4+ 6. Bd2 Bxd2+ 7. Nbxd2 Nf6
8. e5 Ng4 9. h3 Nh6 10. Nb3 c5 11. O-O Qe7 12. Rc1 b6 13. Qe2 O-O 14. Rfe1 Be6
15. Bd3 Nd7 16. Nbd2 Bd5 17. Bc4 Bxc4 18. Nxc4 Rad8 19. Qe4 Qe6 20. g4 f6 21.
Qb7 a5 22. exf6 Qxf6 23. Kg2 Qf4 24. Ncd2 Qf7 25. Qc6 Rfe8 26. Ng5 Qg6 27. Qd5+
Kh8 28. Ndf3 Nf6 29. Qb7 Nd7 30. Rxe8+ Qxe8 31. Re1 Qg8 32. Ne6 c4 33. Nxd8
Qxd8 34. Nxd4 Nc5 35. Ne6 Nxe6 36. Rxe6 Ng8 37. Qe4 Nf6 38. Qxc4 h6 39. Qc6 Kh7
40. Qf3 Qd4 41. b3 Kg8 42. h4 Qc5 43. Rc6 Qe5 44. Rc8+ Kf7 45. Qb7+ Kg6 46. h5+
Kg5 47. Qxg7+ Kh4 48. Rc4 Qd5+ 49. Kh2 Qe5+ 50. Kg1 Kh3 51. Kf1 Qa1+ 52. Ke2
Qe5+ 53. Kd3 Qd5+ 54. Kc2 Qf3 55. Rc3 1-0

[Event "Northwest Chess Open"]
[Site "Chess.com"]
[Date "2020.05.09"]
[Round "?"]
[White "Tien, Sophie"]
[Black "Vijayakumar, Advaith"]
[Result "0-1"]
[WhiteElo "1916"]
[BlackElo "2026"]
[PlyCount "66"]
[EventDate "2020.??.??"]

1. e4 c5 2. Nf3 Nc6 3. Bb5 g6 4. c3 Bg7 5. O-O e5 6. d3 Nge7 7. Be3 d6 8. d4
cxd4 9. cxd4 O-O 10. d5 Nb8 11. Nfd2 f5 12. f3 Nd7 13. Nc3 Nf6 14. Be2 f4 15.
Bf2 g5 16. Rc1 Ng6 17. Nb5 Rf7 18. Nc4 Bf8 19. Nxa7 Bd7 20. Qb3 g4 21. Nb6 g3
22. Nxa8 gxf2+ 23. Rxf2 Qxa8 24. Nb5 Nh5 25. Bd3 Qd8 26. Nc7 Qh4 27. Bb5 Bxb5
28. Qxb5 Ne7 29. Ne6 Ng3 30. Nxf8 Rf6 31. Ne6 Qxh2+ 32. Kxh2 Rh6+ 33. Kg1 Rh1#
0-1

[Event "Northwest Chess Open"]
[Site "Chess.com"]
[Date "2020.05.10"]
[Round "?"]
[White "Bell, Harry"]
[Black "Tien, Sophie"]
[Result "1-0"]
[WhiteElo "2000"]
[BlackElo "1916"]
[PlyCount "103"]
[EventDate "2020.??.??"]

1. Nf3 d5 2. d4 Nf6 3. Bf4 Bf5 4. e3 e6 5. c4 c6 6. Nc3 Nbd7 7. Qb3 Qc8 8. cxd5
exd5 9. Rc1 a6 10. h3 h6 11. Be2 Be7 12. Ne5 O-O 13. Bf3 Rd8 14. O-O Nxe5 15.
dxe5 Ne4 16. Rfd1 Nc5 17. Qa3 Bf8 18. b4 Nd3 19. Rxd3 Bxd3 20. Nxd5 Ra7 21.
Qxd3 Qd7 22. Qd4 b5 23. Rxc6 Qxc6 24. Qxa7 Rxd5 25. Bxd5 Qxd5 26. a3 Qe6 27.
Bg3 Qc6 28. Kh2 g6 29. f4 Qe6 30. Bh4 h5 31. Bf6 Kh7 32. e4 Kg8 33. Qa8 Qd7 34.
Qd5 Qc8 35. Qd8 Qxd8 36. Bxd8 Bh6 37. g3 Kf8 38. Kg2 Ke8 39. Bh4 Kd7 40. Kf3
Ke6 41. g4 Bg7 42. Ke3 Bf8 43. Kd4 Bh6 44. Bg3 Bf8 45. f5+ Kd7 46. Bf4 Be7 47.
e6+ fxe6 48. fxg6 hxg4 49. g7 Bf6+ 50. Be5 Bxg7 51. Bxg7 g3 52. Ke3 1-0

[Event "Northwest Chess Open"]
[Site "Chess.com"]
[Date "2020.05.10"]
[Round "?"]
[White "Vijayakumar, Advaith"]
[Black "Bloom, Corey"]
[Result "1-0"]
[WhiteElo "2026"]
[BlackElo "1780"]
[PlyCount "53"]
[EventDate "2020.??.??"]

1. d4 e6 2. Nf3 Nf6 3. c4 b6 4. g3 Bb7 5. Bg2 d5 6. cxd5 exd5 7. O-O Nbd7 8.
Nc3 c6 9. Bf4 Nh5 10. Bd2 f5 11. Nh4 g6 12. e4 fxe4 13. f3 Be7 14. fxe4 Bxh4
15. exd5 cxd5 16. gxh4 Qxh4 17. Nb5 Bc6 18. Nd6+ Kd8 19. Bg5+ Qxg5 20. Nf7+ Kc7
21. Nxg5 Ndf6 22. Nf7 Rhf8 23. Ne5 Bb5 24. Rc1+ Kb7 25. Rf2 Ne4 26. Rxf8 Rxf8
27. Qb3 1-0

[Event "Northwest Chess Open"]
[Site "Chess.com"]
[Date "2020.05.09"]
[Round "?"]
[White "Vijayakumar, Advaith"]
[Black "Vemparala, Nikash"]
[Result "1/2-1/2"]
[WhiteElo "2026"]
[BlackElo "1684"]
[PlyCount "65"]
[EventDate "2020.??.??"]

1. d4 d5 2. c4 c6 3. Nc3 e5 4. cxd5 cxd5 5. dxe5 d4 6. Ne4 Qa5+ 7. Nd2 Nc6 8.
Ngf3 Bg4 9. Qb3 Bxf3 10. Qxf3 Qxe5 11. g3 Nf6 12. Bg2 Bc5 13. Ne4 Bb4+ 14. Bd2
Bxd2+ 15. Nxd2 O-O 16. O-O Rfe8 17. Rfe1 Rac8 18. a3 Na5 19. b4 Rc3 20. Qf4
Qxf4 21. gxf4 Nc6 22. Nf3 a6 23. Ne5 Nxe5 24. fxe5 Rxe5 25. Bxb7 a5 26. Bg2 g6
27. Red1 Rc4 28. Rab1 Rb5 29. bxa5 Rxa5 30. Rb4 Rc2 31. Bf3 Rxa3 32. Rbxd4 Rc5
33. R4d3 1/2-1/2

[Event "Northwest Chess Open"]
[Site "Chess.com"]
[Date "2020.05.10"]
[Round "?"]
[White "Vemparala, Nikash"]
[Black "Vega, Isaac"]
[Result "1-0"]
[WhiteElo "1684"]
[BlackElo "1972"]
[PlyCount "83"]
[EventDate "2020.??.??"]

1. e4 c5 2. Nc3 e6 3. g3 d5 4. Bg2 d4 5. Nce2 Nf6 6. d3 Nc6 7. h3 Be7 8. f4 O-O
9. Nf3 Rb8 10. O-O b5 11. Bd2 Bb7 12. Qc1 Nd7 13. g4 c4 14. Kh1 Nc5 15. dxc4
bxc4 16. Ng3 Ba6 17. Rg1 d3 18. c3 Na4 19. Rb1 Bc5 20. Rf1 Qa5 21. b4 cxb3 22.
axb3 Nxc3 23. Qxc3 Bb4 24. Qxc6 Rfc8 25. Qa4 Bxd2 26. Nxd2 Qxd2 27. Qxa6 Rc2
28. Rg1 Ra2 29. Qd6 Rc8 30. Rbd1 Qf2 31. Qxd3 h6 32. Qf3 Qb2 33. Rb1 Qd2 34.
Rgd1 Qb4 35. Rbc1 Rb8 36. Rd3 Qa3 37. Rcd1 a5 38. Rd8+ Rxd8 39. Rxd8+ Kh7 40.
Rd1 Rb2 41. Rd3 Rb1+ 42. Nf1 1-0

[Event "Northwest Chess Open"]
[Site "Chess.com"]
[Date "2020.05.10"]
[Round "?"]
[White "Bloom, Corey"]
[Black "Vemparala, Nikash"]
[Result "0-1"]
[WhiteElo "1780"]
[BlackElo "1684"]
[PlyCount "128"]
[EventDate "2020.??.??"]

1. f4 d5 2. Nf3 Nf6 3. e3 e6 4. b3 Bd6 5. Bb2 Nbd7 6. c4 c5 7. Ne5 Bxe5 8. fxe5
Ne4 9. Qg4 O-O 10. h4 f5 11. Qf3 dxc4 12. g4 c3 13. Bxc3 Nxc3 14. Nxc3 Nxe5 15.
Qg3 Nxg4 16. Be2 h5 17. Bc4 a6 18. a4 b6 19. O-O-O Kh8 20. d4 Qf6 21. Rhf1 cxd4
22. Rxd4 Bb7 23. Rfd1 Rac8 24. Kb2 Qh6 25. Rd7 Bc6 26. Re7 Nxe3 27. Rd6 Nxc4+
28. bxc4 Rf6 29. Qe5 Be4 30. Nxe4 fxe4 31. Rexe6 Rxe6 32. Rxe6 Qd2+ 33. Kb3
Qd1+ 34. Kb2 Qd2+ 35. Kb3 Qd1+ 36. Kb2 Qxa4 37. Qxh5+ Kg8 38. Qd5 Qb4+ 39. Ka1
Qc3+ 40. Kb1 Qd3+ 41. Kb2 Qxd5 42. cxd5 Rd8 43. Rxb6 Rxd5 44. Rxa6 Rh5 45. Kc2
Rxh4 46. Re6 Kf7 47. Re5 Kf6 48. Re8 g5 49. Kd2 Kf5 50. Ke3 Rh3+ 51. Ke2 Kf4
52. Rf8+ Kg4 53. Re8 e3 54. Re4+ Kf5 55. Rxe3 Rxe3+ 56. Kxe3 Kg4 57. Kf2 Kh3
58. Kg1 Kg3 59. Kh1 Kf2 60. Kh2 g4 61. Kh1 Kg3 62. Kg1 Kh3 63. Kh1 g3 64. Kg1
g2 0-1

[Event "Northwest Chess Open"]
[Site "Chess.com"]
[Date "2020.05.09"]
[Round "?"]
[White "Zhao, Maxwell"]
[Black "Nguyen, Thanh"]
[Result "0-1"]
[WhiteElo "1628"]
[BlackElo "2027"]
[PlyCount "122"]
[EventDate "2020.??.??"]

1. e4 e5 2. Nf3 Nc6 3. Bb5 a6 4. Ba4 Nf6 5. O-O Be7 6. Re1 b5 7. Bb3 d6 8. c3
Na5 9. Bc2 c5 10. h3 O-O 11. d4 Qc7 12. Nbd2 Re8 13. Nf1 Nc4 14. Ng3 g6 15. a4
Rb8 16. Bd3 cxd4 17. cxd4 Bd7 18. Bxc4 bxc4 19. Qc2 exd4 20. Nxd4 d5 21. e5 Bc5
22. Nf3 Ne4 23. Nxe4 dxe4 24. Qxe4 Bc6 25. Qe2 Rb3 26. Qxc4 Rxf3 27. gxf3 Bxf3
28. Qf4 Qb7 29. Be3 Bb4 30. Rec1 Bh1 31. Qg4 h5 32. Qg3 Rxe5 33. Rc8+ Kh7 34.
Rh8+ Kxh8 35. Qxe5+ Kh7 36. Kf1 Qg2+ 37. Ke2 Qxh3 38. Rxh1 Qxh1 39. Bd4 Qe1+
40. Kf3 Qxe5 41. Bxe5 g5 42. Kg3 Kg6 43. Bd4 Kf5 44. Kf3 Bd2 45. Bc5 h4 46. b4
g4+ 47. Kg2 Bf4 48. b5 axb5 49. axb5 Bb8 50. b6 h3+ 51. Kh1 Ke6 52. Be3 f5 53.
Kg1 f4 54. Bd4 g3 55. fxg3 fxg3 56. Kh1 Kd5 57. Be3 Kc6 58. Bd4 Kd5 59. Be3 Ke4
60. Bc5 Kf3 61. Bg1 g2# 0-1

[Event "Northwest Chess Open"]
[Site "Chess.com"]
[Date "2020.05.10"]
[Round "?"]
[White "Li, Edward"]
[Black "Hayami, Marvin"]
[Result "0-1"]
[WhiteElo "1595"]
[BlackElo "1806"]
[PlyCount "107"]
[EventDate "2020.??.??"]

1. e4 e5 2. Nf3 Nc6 3. Nc3 Nf6 4. Bb5 Nd4 5. Nxe5 Nxb5 6. Nxb5 c6 7. Nc3 Qa5 8.
Nf3 d5 9. exd5 cxd5 10. Qe2+ Kd8 11. h3 Bb4 12. O-O Bf5 13. Qd1 Re8 14. Nd4 Bd7
15. Nb3 Qc7 16. a3 Bd6 17. Re1 a6 18. Rxe8+ Kxe8 19. Qf3 Kf8 20. Nxd5 Nxd5 21.
Qxd5 Re8 22. Kf1 Be6 23. Qd4 Bxb3 24. cxb3 Be5 25. Qb4+ Bd6 26. Qc3 Qe7 27. Qe3
Qh4 28. Qb6 Qf4 29. Qxb7 Qh2 30. f4 Qxf4+ 31. Qf3 Qh2 32. Qe3 Rxe3 33. dxe3
Qh1+ 34. Kf2 Qd1 35. b4 Qc2+ 36. Kf3 h5 37. e4 f6 38. h4 Qd1+ 39. Kf2 Be5 40.
g3 Qc2+ 41. Kf3 Qd1+ 42. Kf2 Bd4+ 43. Kg2 Qc2+ 44. Kf1 Bxb2 45. Bxb2 Qxb2 46.
Rd1 Qxa3 47. Rd8+ Kf7 48. Rd7+ Kg6 49. e5 Qf3+ 50. Ke1 Qe4+ 51. Kd2 Qxb4+ 52.
Ke3 Qc5+ 53. Kd2 Qxe5 54. Ra7 0-1

[Event "Northwest Chess Open"]
[Site "Chess.com"]
[Date "2020.05.09"]
[Round "?"]
[White "Stein, Daniel"]
[Black "Vega, Isaac"]
[Result "0-1"]
[WhiteElo "1555"]
[BlackElo "1972"]
[PlyCount "74"]
[EventDate "2020.??.??"]

1. e4 c5 2. Nf3 e6 3. d4 cxd4 4. Nxd4 a6 5. Nc3 Qc7 6. Bd3 Nf6 7. O-O Be7 8.
Qe2 d6 9. f4 Nbd7 10. a4 b6 11. g4 h6 12. Bd2 Bb7 13. b4 d5 14. exd5 Nxd5 15.
Nxd5 Bxd5 16. c4 Bb7 17. Be4 O-O 18. g5 Bxe4 19. Qxe4 hxg5 20. fxg5 Qe5 21. Qh4
Rac8 22. Rac1 g6 23. Rfe1 Qh8 24. Qe4 Bd6 25. Re2 Ne5 26. Bf4 Rxc4 27. Rxc4
Nxc4 28. Nxe6 Rc8 29. Nd4 Bxb4 30. Nc6 Bc5+ 31. Kg2 b5 32. Qd5 Qh5 33. Re7 Qg4+
34. Bg3 Bxe7 35. Nxe7+ Kf8 36. Nxg6+ fxg6 37. Qb7 Nd6 0-1

[Event "Northwest Chess Open"]
[Site "Chess.com"]
[Date "2020.05.10"]
[Round "?"]
[White "Stein, Daniel"]
[Black "Bell, Harry"]
[Result "0-1"]
[WhiteElo "1555"]
[BlackElo "2000"]
[PlyCount "78"]
[EventDate "2020.??.??"]

1. e4 e5 2. Nf3 Nf6 3. Nxe5 d6 4. Nf3 Nxe4 5. Nc3 Nf6 6. d4 Bf5 7. d5 c5 8.
Bb5+ Nbd7 9. O-O Be7 10. a4 O-O 11. Re1 h6 12. a5 Ng4 13. Bf4 a6 14. Ba4 f6 15.
Nh4 g6 16. Nxg6 Nge5 17. Nxf8 Bxf8 18. Ne4 b5 19. axb6 Nxb6 20. Bxe5 dxe5 21.
Bc6 Ra7 22. Qf3 Bxe4 23. Qxe4 Nc8 24. Ra3 Nd6 25. Rg3+ Bg7 26. Qg4 Kh8 27. Ra3
f5 28. Qe2 a5 29. Rea1 e4 30. c3 Be5 31. Qe3 f4 32. Qxc5 Rg7 33. Kf1 Qg5 34. g3
fxg3 35. hxg3 Bxg3 36. fxg3 Qxg3 37. c4 Rf7+ 38. Ke2 Qg2+ 39. Ke3 Qf2# 0-1

[Event "Northwest Chess Open"]
[Site "Chess.com"]
[Date "2020.05.09"]
[Round "?"]
[White "Razmov, Valentin"]
[Black "Gilton, Terry"]
[Result "1-0"]
[WhiteElo "1986"]
[BlackElo "1554"]
[PlyCount "51"]
[EventDate "2020.??.??"]

1. d4 d5 2. c4 c6 3. Nf3 Bf5 4. Nc3 e6 5. e3 Nf6 6. Be2 dxc4 7. Ne5 Nbd7 8.
Nxc4 Qc7 9. Bf3 Bb4 10. Bd2 Bxc3 11. Bxc3 a5 12. a4 O-O 13. O-O Be4 14. Be2 Nd5
15. Be1 e5 16. f3 Bg6 17. Bg3 Rfe8 18. Re1 f6 19. Bd3 Nf8 20. Bxg6 Nxg6 21.
dxe5 Qf7 22. Nd6 Qe7 23. Nxe8 Rxe8 24. Qb3 Kh8 25. exf6 Nxf6 26. Rad1 1-0

[Event "Northwest Chess Open"]
[Site "Chess.com"]
[Date "2020.05.09"]
[Round "?"]
[White "Singh, Saket"]
[Black "Tien, Sophie"]
[Result "0-1"]
[WhiteElo "1484"]
[BlackElo "1916"]
[PlyCount "36"]
[EventDate "2020.??.??"]

1. e4 e5 2. Nf3 Nc6 3. Nc3 Nf6 4. d4 exd4 5. Nxd4 Bb4 6. Nxc6 bxc6 7. Bd3 h6 8.
O-O d6 9. Re1 O-O 10. a3 Ba5 11. b4 Bb6 12. Bb2 Ng4 13. Rf1 Qh4 14. h3 Nxf2 15.
Rxf2 Bxf2+ 16. Kf1 Bb6 17. Qe2 Bd4 18. Rd1 Bg4 0-1

[Event "Northwest Chess Open"]
[Site "Chess.com"]
[Date "2020.05.09"]
[Round "?"]
[White "Moore, Michael"]
[Black "Ramkumar, Aditya"]
[Result "1-0"]
[WhiteElo "1950"]
[BlackElo "1452"]
[PlyCount "103"]
[EventDate "2020.??.??"]

1. d4 Nf6 2. c4 e6 3. Nf3 b6 4. g3 Bb7 5. Bg2 d6 6. O-O Nbd7 7. Nc3 Be7 8. Qc2
c5 9. d5 e5 10. Nh4 a6 11. e4 O-O 12. Nf5 Re8 13. f4 Bf8 14. Bd2 g6 15. Nh4 Bg7
16. f5 Qe7 17. fxg6 fxg6 18. Bh3 Nf8 19. Bg5 h6 20. Be3 Bc8 21. Bxc8 Raxc8 22.
Rf3 Ng4 23. Bd2 h5 24. Raf1 Nh6 25. Qc1 Ng4 26. Bg5 Qd7 27. h3 Nh7 28. hxg4
Qxg4 29. Bh6 Bf6 30. Rxf6 Nxf6 31. Rxf6 Qxg3+ 32. Ng2 h4 33. Qg5 Qxg5 34. Bxg5
h3 35. Nh4 Rc7 36. Rxg6+ Rg7 37. Rxg7+ Kxg7 38. Kh2 Rf8 39. Nf5+ Kg6 40. Be7
Rh8 41. Bxd6 Rh5 42. Bxe5 Rg5 43. Bg3 Kh5 44. d6 Kg4 45. d7 Rg8 46. Nh6+ Kf3
47. Nxg8 Ke3 48. d8=Q b5 49. Qd1 b4 50. Nd5+ Kxe4 51. Ngf6+ Kf5 52. Qg4# 1-0

[Event "Northwest Chess Open"]
[Site "Chess.com"]
[Date "2020.05.09"]
[Round "?"]
[White "Chen, Angela"]
[Black "Hayami, Marvin"]
[Result "1/2-1/2"]
[WhiteElo "1404"]
[BlackElo "1806"]
[PlyCount "133"]
[EventDate "2020.??.??"]

1. e4 e5 2. Nf3 Nc6 3. Bc4 Nf6 4. d3 Bc5 5. Bg5 h6 6. Bh4 d6 7. h3 O-O 8. O-O
Be6 9. Bb3 Bxb3 10. axb3 Nd4 11. Nc3 Nxf3+ 12. Qxf3 g5 13. Bg3 Nd7 14. Qh5 Kg7
15. h4 Nf6 16. Qf3 g4 17. Qe2 c6 18. Rfd1 Kh7 19. Na4 Bb6 20. Nxb6 axb6 21.
Rxa8 Qxa8 22. d4 Qe8 23. dxe5 dxe5 24. Rd6 Qe7 25. Qd2 Rg8 26. c4 Rg6 27. h5
Rg5 28. Bh4 Nxe4 29. Bxg5 Qxd6 30. Qxd6 Nxd6 31. Bd8 b5 32. Bc7 Ne4 33. Bxe5
bxc4 34. bxc4 Nd2 35. c5 Nb3 36. Bd6 Kg7 37. Kh2 Kf6 38. Bf4 Nxc5 39. Bxh6 Kf5
40. Bg7 Ne4 41. f3 gxf3 42. gxf3 Ng5 43. Kg3 Ne6 44. Bh6 c5 45. Bd2 c4 46. f4
b5 47. Kh4 Nc5 48. h6 Kg6 49. f5+ Kh7 50. Kh5 Ne4 51. Bb4 Nf6+ 52. Kg5 Nd5 53.
Bf8 b4 54. Bg7 c3 55. bxc3 Nxc3 56. Kf4 Nb5 57. Bf8 b3 58. Bg7 Nd6 59. Kg4 Ne8
60. Be5 Kxh6 61. Kf4 f6 62. Bc3 Kh5 63. Bd4 Nc7 64. Ke4 Kg4 65. Bxf6 Nd5 66.
Kxd5 Kxf5 67. Bb2 1/2-1/2

[Event "Northwest Chess Open"]
[Site "Chess.com"]
[Date "2020.05.09"]
[Round "?"]
[White "Chen, Angela"]
[Black "Bell, Harry"]
[Result "1/2-1/2"]
[WhiteElo "1404"]
[BlackElo "2000"]
[PlyCount "116"]
[EventDate "2020.??.??"]

1. e4 e5 2. Nf3 Nf6 3. Nc3 Nc6 4. Bb5 Bc5 5. d3 d6 6. h3 h6 7. O-O O-O 8. Be3
Bb6 9. Ne2 Nh5 10. c3 g5 11. d4 Qe7 12. Qd3 Nf4 13. Nxf4 exf4 14. Bd2 Kg7 15.
h4 Bd7 16. Ba4 g4 17. Nh2 Qxh4 18. Bxf4 Qf6 19. Qg3 h5 20. Nf3 Qg6 21. Nd2 Rae8
22. Rfe1 Re7 23. Re2 Nxd4 24. cxd4 Bxa4 25. d5 Rfe8 26. Qd3 a6 27. Ree1 Qf6 28.
Be3 Qxb2 29. Reb1 Bc2 30. Rxb2 Bxd3 31. Bxb6 cxb6 32. Rxb6 Rc8 33. Rxd6 Rc2 34.
Nb3 Bxe4 35. Re1 Rb2 36. Re3 h4 37. Nc5 Rb1+ 38. Kh2 f5 39. Nxe4 fxe4 40. f3
g3+ 41. Kh3 Rb4 42. Re6 Rxe6 43. dxe6 Kf6 44. fxe4 Rb2 45. Kxh4 Rxg2 46. Rxg3
Rxg3 47. Kxg3 Kxe6 48. Kf4 b5 49. e5 a5 50. Ke4 b4 51. Kd4 a4 52. Kc4 b3 53.
axb3 a3 54. Kc3 Kxe5 55. b4 Kd5 56. Kb3 a2 57. Kxa2 Kc4 58. b5 Kxb5 1/2-1/2

[Event "Northwest Chess Open"]
[Site "Chess.com"]
[Date "2020.05.10"]
[Round "?"]
[White "Vega, Isaac"]
[Black "Chen, Angela"]
[Result "1-0"]
[WhiteElo "1972"]
[BlackElo "1404"]
[PlyCount "97"]
[EventDate "2020.??.??"]

1. e4 e5 2. Nf3 Nc6 3. Bb5 a6 4. Ba4 Nf6 5. O-O b5 6. Bb3 Be7 7. Re1 O-O 8. a4
Bb7 9. d3 h6 10. Nbd2 Bc5 11. Nf1 Re8 12. Ne3 Nd4 13. Ba2 d5 14. exd5 Nxd5 15.
Nxd5 Bxd5 16. Bxd5 Qxd5 17. axb5 axb5 18. Rxa8 Nxf3+ 19. Qxf3 Qxa8 20. Rxe5 Bd6
21. Rxe8+ Qxe8 22. Qe4 Qxe4 23. dxe4 c5 24. b3 c4 25. Bb2 f6 26. g3 Kf7 27. Kf1
Ke6 28. Ke2 g5 29. h3 f5 30. bxc4 bxc4 31. Kf3 h5 32. exf5+ Kxf5 33. g4+ hxg4+
34. hxg4+ Ke6 35. Ke4 Bc5 36. Bd4 Bd6 37. Be3 Be7 38. Kd4 Kd6 39. Kxc4 Ke5 40.
Kd3 Kd5 41. c4+ Ke5 42. f3 Ke6 43. Ke4 Bf6 44. c5 Be7 45. Kd4 Bd8 46. Kc4 Ke5
47. c6 Kd6 48. Kb5 Kd5 49. Bxg5 1-0

[Event "Northwest Chess Open"]
[Site "Chess.com"]
[Date "2020.05.10"]
[Round "?"]
[White "McNall, Kent"]
[Black "Chen, Angela"]
[Result "1-0"]
[WhiteElo "1867"]
[BlackElo "1404"]
[PlyCount "89"]
[EventDate "2020.??.??"]

1. d4 d5 2. Bf4 Nf6 3. e3 Bf5 4. c4 e6 5. Nc3 c6 6. Qb3 Qc8 7. Rc1 Nbd7 8. cxd5
exd5 9. Nb5 Ne4 10. Nc7+ Kd8 11. Nxa8 Qxa8 12. Bd3 Ndf6 13. f3 Be7 14. fxe4
Bxe4 15. Nf3 h6 16. O-O Kd7 17. Ne5+ Ke8 18. Bg3 Rf8 19. Rc2 Bd6 20. Rcf2 Bxe5
21. dxe5 Bxd3 22. exf6 Bxf1 23. Rxf1 gxf6 24. Rxf6 Rh8 25. Qc3 Rh7 26. Qe5+ Kf8
27. Bf4 Qd8 28. Rxh6 Kg8 29. Rxh7 Kxh7 30. Qh5+ Kg8 31. Qg5+ Qxg5 32. Bxg5 Kg7
33. Kf2 Kg6 34. Bf4 Kf5 35. Kf3 f6 36. g4+ Kg6 37. h4 c5 38. h5+ Kg7 39. Bd6 c4
40. a4 b6 41. Kf4 a6 42. Kf5 Kf7 43. h6 b5 44. axb5 axb5 45. Bc5 1-0

[Event "Northwest Chess Open"]
[Site "Chess.com"]
[Date "2020.05.09"]
[Round "?"]
[White "Nguyen, Thanh"]
[Black "Li, Emma"]
[Result "1-0"]
[WhiteElo "2027"]
[BlackElo "1342"]
[PlyCount "51"]
[EventDate "2020.??.??"]

1. e4 e5 2. Nf3 Nc6 3. Bc4 Bc5 4. b4 Bxb4 5. c3 Bc5 6. d4 exd4 7. O-O Nf6 8.
cxd4 Be7 9. Nc3 d6 10. h3 O-O 11. a4 b6 12. Bb2 Bb7 13. Re1 Qd7 14. Rc1 a6 15.
Ba2 Nb4 16. Bb1 c5 17. d5 Rac8 18. e5 dxe5 19. Nxe5 Qc7 20. Ng4 Nbxd5 21. Nxd5
Nxd5 22. Nh6+ Kh8 23. Qh5 Nf6 24. Bxf6 Be4 25. Bxe4 Bxf6 26. Nxf7+ 1-0

[Event "Northwest Chess Open"]
[Site "Chess.com"]
[Date "2020.05.10"]
[Round "?"]
[White "Li, Emma"]
[Black "Vega, Isaac"]
[Result "0-1"]
[WhiteElo "1342"]
[BlackElo "1972"]
[PlyCount "76"]
[EventDate "2020.??.??"]

1. e4 c5 2. Nf3 e6 3. d4 cxd4 4. Nxd4 a6 5. Nc3 Qc7 6. Be3 Bb4 7. Qd3 Nf6 8. a3
Bxc3+ 9. bxc3 Nxe4 10. Bd2 Nxd2 11. Qxd2 d6 12. Bd3 Nd7 13. O-O O-O 14. Rfe1
Nf6 15. Rab1 b5 16. Ne2 Bb7 17. Ng3 Rac8 18. Rb3 Bd5 19. Rb4 Qxc3 20. Qxc3 Rxc3
21. a4 Bc4 22. axb5 axb5 23. Bxc4 bxc4 24. Re2 Ra8 25. Rb1 g6 26. Nf1 Ra2 27.
Ne3 d5 28. h3 d4 29. Rb8+ Kg7 30. Ng4 Nxg4 31. hxg4 Rcxc2 32. Rxc2 Rxc2 33. Rb1
d3 34. Rd1 d2 35. Kh2 c3 36. Kg3 Ra2 37. Kh2 Ra1 38. Rxa1 c2 0-1